<?xml version="1.0" encoding="UTF-8"?>
<record
    xmlns:xsi="http://www.w3.org/2001/XMLSchema-instance"
    xsi:schemaLocation="http://www.loc.gov/MARC21/slim http://www.loc.gov/standards/marcxml/schema/MARC21slim.xsd"
    xmlns="http://www.loc.gov/MARC21/slim">

  <leader>01693    a2200229   4500</leader>
  <controlfield tag="001">61909</controlfield>
  <controlfield tag="005">20260407155911.0</controlfield>
  <controlfield tag="008">260407a1991    arg                 spa d</controlfield>
  <controlfield tag="003">AR-UNSa-BCEJYS</controlfield>
  <datafield tag="040" ind1=" " ind2=" ">
    <subfield code="a">AR-UNSa-BCEJYS</subfield>
    <subfield code="b">spa</subfield>
    <subfield code="c">AR-UNSa-BCEJYS</subfield>
  </datafield>
  <datafield tag="080" ind1=" " ind2=" ">
    <subfield code="a">336.745</subfield>
    <subfield code="x">Cambio de monedas. Moneda extranjera</subfield>
  </datafield>
  <datafield tag="245" ind1="1" ind2="0">
    <subfield code="a">Obligaciones en moneda extranjera</subfield>
    <subfield code="p">La reforma del C&#xF3;digo Civil</subfield>
  </datafield>
  <datafield tag="020" ind1=" " ind2=" ">
    <subfield code="a">978-950-14-0596-5</subfield>
  </datafield>
  <datafield tag="250" ind1=" " ind2=" ">
    <subfield code="a">2a. ed.</subfield>
  </datafield>
  <datafield tag="264" ind1=" " ind2="1">
    <subfield code="a">Buenos Aires :</subfield>
    <subfield code="b">Ediciones Depalma</subfield>
    <subfield code="c">1991</subfield>
  </datafield>
  <datafield tag="300" ind1=" " ind2=" ">
    <subfield code="a">237 p.</subfield>
    <subfield code="c">23 cm.</subfield>
  </datafield>
  <datafield tag="505" ind1=" " ind2=" ">
    <subfield code="a">1. El poder del dinero y la democracia directa - 2. La moneda extranjera y l obligaci&#xF3;n en moneda extranjera - 3. El derecho de las obligaciones en moneda extranjera - 4. La realidad econ&#xF3;mica internacional de las obligaciones y la excesiva onerosidad sobreviniente - 5. Ejecuci&#xF3;n de una condena judicial a pagar en moneda extranjera - 6. Ejecuci&#xF3;n judicial en la Argentina de obligaciones en moneda extranjera - 7. Derecho monetario internacional y derecho internacional privado - 8. Diferencia del valor de las obligaciones internacionales en moneda extranjera seg&#xFA;n su lugar de pago - 9. Capitalizaci&#xF3;n de intereses en los contratos internacionales de refinanciaci&#xF3;n y reestructuraci&#xF3;n de deudas - 10. La doctrina del "acto de Estado" y el lugar de pago de obligaciones internacionales en la jurisprudencia de Nueva York - 11. Contratos de cambio contrarios al acuerdo Bretton Woods - 12. El art. VIII, 2(b), del convenio del fondo monetario internacional - 13. Derecho transitorio de las obligaciones en moneda extranjera - </subfield>
  </datafield>
  <datafield tag="041" ind1=" " ind2=" ">
    <subfield code="a">spa</subfield>
  </datafield>
  <datafield tag="942" ind1=" " ind2=" ">
    <subfield code="c">BK</subfield>
  </datafield>
  <datafield tag="590" ind1=" " ind2=" ">
    <subfield code="a">niveau_biblio:m niveau_hierar:0</subfield>
  </datafield>
  <datafield tag="100" ind1="1" ind2=" ">
    <subfield code="a">Boggiano, Antonio</subfield>
  </datafield>
  <datafield tag="999" ind1=" " ind2=" ">
    <subfield code="c">7478</subfield>
    <subfield code="d">7478</subfield>
  </datafield>
  <datafield tag="952" ind1=" " ind2=" ">
    <subfield code="0">0</subfield>
    <subfield code="1">0</subfield>
    <subfield code="4">0</subfield>
    <subfield code="7">0</subfield>
    <subfield code="a">BCEJYS</subfield>
    <subfield code="b">BCEJYS</subfield>
    <subfield code="c">16</subfield>
    <subfield code="d">2026-04-07</subfield>
    <subfield code="l">0</subfield>
    <subfield code="o">336.745 B674 2ed.</subfield>
    <subfield code="p">L53811</subfield>
    <subfield code="r">2026-04-07 15:59:11</subfield>
    <subfield code="w">2026-04-07</subfield>
    <subfield code="y">L</subfield>
  </datafield>
</record>
